Music Quiz

Random Music or Color Quiz

Colorful Song Click 'Em Quiz Stats

Quiz Updated May 25, 2012

Also try: 'The' Bands
Challenge
Share
Tweet
Embed
Score 0/70 Timer 06:00
0 Plays Today
% Correct
Yellow
86.4%
Purple
85.4%
Purple
84.8%
Yellow
81.2%
Yellow
81%
Black
79.8%
Gold
79%
Yellow
78.1%
Black
77.5%
Pink
76.6%
Gold
76.4%
Red
76.3%
Black
76.1%
Black
75.2%
White
74.3%
Brown
73.9%
Blue
73.9%
White
73.3%
Brown
71.9%
Yellow
71.9%
White
71.8%
White
71.4%
Red
71.2%
Black
68.2%
Blue
68.1%
Black
66.5%
Blue
66.2%
Silver
65.4%
Blue
64.8%
White
63.4%
White
63.1%
Black
62.7%
Blue
61.7%
Black
61.1%
Black
60.6%
% Correct
Blue
60.5%
Blue
59%
Pink
58.2%
Gold
57.8%
White
57.1%
Red
56.8%
Blue
56.4%
Yellow
56.2%
Blue
55.5%
Gold
55%
White
54.3%
Silver
53.7%
Blue
52.5%
Brown
51.8%
White
51.7%
Green
50.8%
Orange
50.5%
White
50.3%
Yellow
50%
Pink
48.6%
White
47.6%
Blue
47.6%
Black
46.8%
Black
45.5%
White
45.3%
Green
45.3%
Grey
43%
Blue
42.8%
Red
39.9%
Blue
39.5%
Green
37.2%
Green
33.8%
Red
33.7%
Green
25.6%
Red
23%

You're not logged in!

Compare scores with friends on all Sporcle quizzes.
Join for Free
OR
Log In

You Might Also Like...

Show Comments

Extras

Top Quizzes Today


Score Distribution

Your Account Isn't Verified!

In order to create a playlist on Sporcle, you need to verify the email address you used during registration. Go to your Sporcle Settings to finish the process.

Report this User

Report this user for behavior that violates our Community Guidelines.

Details: